01397nam a2200313 a 4500001001000000003000900010005001700019007000300036008004100039020001800080040002500098082001500123100004100138245007300179260003400252300002100286504007000307504003100377505011100408590002600519650006500545650004400610910003800654942001400692952012000706952011700826952012300943999001701066000028524DO-SdBNP20250701114010.0ta110408s2010 dr 000 0 spa d a9789945870329 aDO-SdBNPbspacBNPHU 4a378bT926t1 aTünnermann Bernheim, Carlos91753610aTendencias de la educación superior /cCarlos Tunnermann Bernheim. aSanto Domingo :bUAPA,c2010. a115 p. ;c22 cm. aIncluye referencias bibliográficas y notas al pie de páginas. aBibliografía : p. 89-90.0 aPresentación--tLa educación superior para el siglo XXI --tMegatendencias en la educación superior. aInventariado, 2018/BT 7aEducación superiorvEnsayos, conferencias, etc.97362LEMB14aUniversidadesxFines y objetivos936732 aValidado. Control de calidad. EMS 2ddccLBS1 00102ddc758MOaBNPHUbBNPHUcHDd2011-04-08l0oBNPHU DS 378 T926tp28524-30r2020-06-25te. 3w2020-06-25yLBS1 00102ddc53708MOaBNPHUbBNPHUcHDd2011-04-08l0oBNPHU PD 378 T926tp28524-10r2020-06-25w2020-06-25yLBS1 00102ddc53708MOaBNPHUbBNPHUcHDd2011-04-08l0oBNPHU PD 378 T926tp28524-20r2020-06-25te. 2w2020-06-25yLBS1 c28016d28016